00446nam a2200145 a 4500020001800000082001800018100002100036245008000057260004400137300000900181500003500190505003200225650002200257700002100279 a019565 00a294.5513bHIL aHiltebeitel, Alf aDraupadi Among Rajputs, Muslims and Dalits, Rethinking India`s Oral and Cla aNew DlhibOxford University Pressc1999 a560p aincludes index and biblioraphy2 aBibliography, General Index aWomen in Hinduism1 aHiltebeitel, Alf